000
00336 a2200145 4500
001
155099
040
_c
Escola São Tomás de Aquino
100
_a
ANDERSON, Neil J.
240
1
0
_a
Active skills for reading
_l
por
245
1
0
_a
Active skills for reading
300
_a
170
362
0
_a
2002
697
_a
Língua inglesa
942
_c
BK
999
_c
155099
_d
155099